Siesta / (Record no. 17483)

MARC details
000 -LEADER
fixed length control field 02288cam a2200601Ia 4500
001 - CONTROL NUMBER
control field sjds1081109
003 - CONTROL NUMBER IDENTIFIER
control field sjds
005 - DATE AND TIME OF LATEST TRANSACTION
control field 20170615152837.0
008 - FIXED-LENGTH DATA ELEMENTS--GENERAL INFORMATION
fixed length control field 040218|20052005nyua a 000 1 eng
010 ## - LIBRARY OF CONGRESS CONTROL NUMBER
LC control number 2004042464
020 ## - INTERNATIONAL STANDARD BOOK NUMBER
International Standard Book Number 0060560614 (trade)
020 ## - INTERNATIONAL STANDARD BOOK NUMBER
International Standard Book Number 0060560630 (lib. bdg.)
020 ## - INTERNATIONAL STANDARD BOOK NUMBER
International Standard Book Number 9780060560614 (trade)
020 ## - INTERNATIONAL STANDARD BOOK NUMBER
International Standard Book Number 9780060560638 (lib. bdg.)
020 ## - INTERNATIONAL STANDARD BOOK NUMBER
International Standard Book Number 9780060560614
Terms of availability $17.99
020 ## - INTERNATIONAL STANDARD BOOK NUMBER
International Standard Book Number 0060560614
Terms of availability $17.99
035 ## - SYSTEM CONTROL NUMBER
System control number 290612
035 ## - SYSTEM CONTROL NUMBER
System control number (OCoLC)54758730
035 ## - SYSTEM CONTROL NUMBER
System control number 290612
040 ## - CATALOGING SOURCE
Original cataloging agency DLC
Transcribing agency DLC
Modifying agency XY4
-- WIQ
-- EHH
-- BAKER
-- TEF
-- UtOrBLW
041 0# - LANGUAGE CODE
Language code of text/sound track or separate title eng
-- spa
049 ## - LOCAL HOLDINGS (OCLC)
Holding library IFAA
099 ## - LOCAL FREE-TEXT CALL NUMBER (OCLC)
Filing suffix 2005
999 ## - SYSTEM CONTROL NUMBERS (KOHA)
Koha Dewey Subclass [OBSOLETE] ESPANOL PICTURE BOOKS GIBSON 2005
100 1# - MAIN ENTRY--PERSONAL NAME
Personal name Guy, Ginger Foglesong,
Relator term author.
245 10 - TITLE STATEMENT
Title Siesta /
Statement of responsibility, etc. by Ginger Foglesong Guy [ie, Ginger Foglesong Gibson] ; pictures by René King Moreno.
250 ## - EDITION STATEMENT
Edition statement First edition.
260 ## - PUBLICATION, DISTRIBUTION, ETC. (IMPRINT)
Place of publication, distribution, etc. New York :
Name of publisher, distributor, etc. Greenwillow Books,
Date of publication, distribution, etc. c2005
264 #1 - PRODUCTION, PUBLICATION, DISTRIBUTION, MANUFACTURE, AND COPYRIGHT NOTICE
Place of production, publication, distribution, manufacture New York :
Name of producer, publisher, distributor, manufacturer Greenwillow Books,
Date of production, publication, distribution, manufacture, or copyright notice [2005]
264 #4 - PRODUCTION, PUBLICATION, DISTRIBUTION, MANUFACTURE, AND COPYRIGHT NOTICE
Date of production, publication, distribution, manufacture, or copyright notice c2005
300 ## - PHYSICAL DESCRIPTION
Extent 1 volume (unpaged) :
Other physical details color illustrations ;
Dimensions 21 x 26 cm
336 ## - CONTENT TYPE
Content type term text
Content type code txt
Source rdacontent
337 ## - MEDIA TYPE
Media type term unmediated
Media type code n
Source rdamedia
338 ## - CARRIER TYPE
Carrier type term volume
Carrier type code nc
Source rdacarrier
520 ## - SUMMARY, ETC.
Summary, etc. Un hermano y una hermana y su oso de felpa recogen diferentes cosas que necesitan para una siesta que van a tomar en el jardín.
520 ## - SUMMARY, ETC.
Summary, etc. A brother and sister and their teddy bear go through the house gathering items they will need for their siesta in the back yard.
521 1# - TARGET AUDIENCE NOTE
Target audience note 4 up.
521 8# - TARGET AUDIENCE NOTE
Target audience note BR
Source Lexile
526 0# - STUDY PROGRAM INFORMATION NOTE
Program name Accelerated Reader
Interest level LG
Reading level 0.7
Title point value 0.5
Public note 86844
546 ## - LANGUAGE NOTE
Language note Text in English and Spanish.
650 #0 - SUBJECT ADDED ENTRY--TOPICAL TERM
Topical term or geographic name as entry element Naps (Sleep)
Form subdivision Juvenile fiction.
650 #0 - SUBJECT ADDED ENTRY--TOPICAL TERM
Topical term or geographic name as entry element Brothers and sisters
Form subdivision Juvenile fiction.
650 #0 - SUBJECT ADDED ENTRY--TOPICAL TERM
Topical term or geographic name as entry element Teddy bears
Form subdivision Juvenile fiction.
650 #0 - SUBJECT ADDED ENTRY--TOPICAL TERM
Topical term or geographic name as entry element Spanish language materials
General subdivision Bilingual
Form subdivision Juvenile literature.
650 #7 - SUBJECT ADDED ENTRY--TOPICAL TERM
Topical term or geographic name as entry element Siestas (Sueño)
Form subdivision Novela juvenil.
Source of heading or term local
650 #7 - SUBJECT ADDED ENTRY--TOPICAL TERM
Topical term or geographic name as entry element Hermanos
Form subdivision Novela juvenil.
Source of heading or term bidex
650 #7 - SUBJECT ADDED ENTRY--TOPICAL TERM
Topical term or geographic name as entry element Osos de felpa
Form subdivision Novela juvenil.
Source of heading or term bidex
650 #7 - SUBJECT ADDED ENTRY--TOPICAL TERM
Topical term or geographic name as entry element Materiales bilingües en español
Form subdivision Literatura juvenil.
Source of heading or term bidex
700 1# - ADDED ENTRY--PERSONAL NAME
Personal name Moreno, Rene King,
Relator term illustrator.
800 1# - SERIES ADDED ENTRY--PERSONAL NAME
Personal name Gibson, Ginger Foglesong.
Title of a work Siesta.
800 1# - SERIES ADDED ENTRY--PERSONAL NAME
Personal name Gibson, Ginger Foglesong.
Title of a work Siesta.
Language of a work English.
942 ## - ADDED ENTRY ELEMENTS (KOHA)
Koha item type Libro/Book
Holdings
Withdrawn status Lost status Source of classification or shelving scheme Damaged status Not for loan Home library Current library Date acquired Total Checkouts Barcode Date last seen Price effective from Koha item type Inventory number Full call number Date checked out
          Las Marias -- Satellite Las Marias -- Satellite 04/03/2020 3 3600115 16/10/2024 04/03/2020 Libro/Book inventory date: 30/1/25 JI 15/06/2021
    Dewey Decimal Classification     Sevadilla -- Satellite Sevadilla -- Satellite 12/06/2017   35400832 12/06/2017 12/06/2017 Libro/Book      

Powered by Koha